[Event "4NCL/Div4/SCS vs. WWKS2"]
[Site "West Bromwich ENG"]
[Date "2006.03.18"]
[Round "7.1"]
[White "Moyse, Nigel"]
[Black "Emanuel, John"]
[Result "1-0"]
[WhiteElo "2160"]
[BlackElo "2070"]
[PlyCount "115"]
[EventDate "2006.03.18"]
[EventType "team"]
[EventRounds "11"]
[EventCountry "ENG"]
[SourceDate "2005.10.25"]

1. d4 e6 2. Nf3 Nf6 3. g3 d5 4. Bg2 c5 5. c3 Nc6 6. O-O Bd6 7. Bg5 h6 8. Bf4
Bxf4 9. gxf4 cxd4 10. cxd4 O-O 11. Nc3 Bd7 12. Rc1 Rc8 13. Ne5 Qb6 14. e3 Ne7
15. Qe2 Nf5 16. Kh1 a6 17. Nxd7 Nxd7 18. Bh3 Ne7 19. Rg1 Nf6 20. Rg2 Kh8 21.
Rcg1 Rg8 22. f3 Rc7 23. Qf2 Qd6 24. Qd2 Nc6 25. Nd1 Rd7 26. Nf2 Qe7 27. Nd3
Rdd8 28. Ne5 Rd6 29. Rc1 Qe8 30. Qc3 Nxe5 31. fxe5 Rc6 32. Qe1 Nh7 33. Rgc2
Rxc2 34. Rxc2 Qb5 35. Bf1 Qb6 36. Qc3 Ng5 37. Bg2 Qb5 38. Kg1 f6 39. Kf2 Rf8
40. h4 Nf7 41. exf6 gxf6 42. Qc5 Qxc5 43. Rxc5 Nd6 44. e4 dxe4 45. fxe4 e5 46.
Rd5 Nb5 47. dxe5 fxe5+ 48. Ke3 Re8 49. Rd7 b6 50. Rb7 Re6 51. Bh3 Rf6 52. Re7
Nd6 53. b3 Nf7 54. Be6 Kg7 55. Bxf7 Rxf7 56. Rxe5 Rf6 57. Kd4 Rf4 58. Re6 1-0

[Event "4NCL/Div4/SCS vs. WWKS2"]
[Site "West Bromwich ENG"]
[Date "2006.03.18"]
[Round "7.2"]
[White "Cooper, David M"]
[Black "Reynolds, D Ian"]
[Result "1/2-1/2"]
[WhiteElo "2080"]
[BlackElo "2125"]
[PlyCount "26"]
[EventDate "2006.03.18"]
[EventType "team"]
[EventRounds "11"]
[EventCountry "ENG"]
[SourceDate "2005.10.25"]

1. e4 e5 2. Nf3 Nc6 3. d4 exd4 4. Nxd4 Nf6 5. Nxc6 bxc6 6. Qd4 d5 7. Nc3 Be7 8.
exd5 cxd5 9. Bb5+ Bd7 10. Bxd7+ Qxd7 11. O-O O-O 12. h3 c6 13. Bf4 Bd6 1/2-1/2

[Event "4NCL/Div4/SCS vs. WWKS2"]
[Site "West Bromwich ENG"]
[Date "2006.03.18"]
[Round "7.3"]
[White "Lutton, E Josiah"]
[Black "Malik, Dani"]
[Result "1/2-1/2"]
[WhiteElo "2125"]
[BlackElo "1955"]
[PlyCount "96"]
[EventDate "2006.03.18"]
[EventType "team"]
[EventRounds "11"]
[EventCountry "ENG"]
[SourceDate "2005.10.25"]

1. e4 d5 2. Nc3 dxe4 3. Nxe4 Nd7 4. Nf3 Ngf6 5. Ng3 g6 6. d4 c6 7. Bd3 Nb6 8.
O-O Bg4 9. Re1 Bg7 10. c3 O-O 11. h3 Bxf3 12. Qxf3 Re8 13. h4 Qd5 14. Ne4 Rad8
15. Bf4 Qd7 16. Bg5 Nxe4 17. Rxe4 f6 18. Bd2 e5 19. Re3 exd4 20. cxd4 Qxd4 21.
Rxe8+ Rxe8 22. Bc3 Qxh4 23. Rd1 Nd5 24. g3 Qg5 25. Bc4 Rd8 26. Qe4 Qf5 27. Qxf5
gxf5 28. Re1 Kf8 29. Bd4 b6 30. b3 Nb4 31. Bb2 b5 32. Bf1 Kf7 33. Ba3 Bf8 34.
Bxb4 Bxb4 35. Rc1 Rd6 36. a4 a6 37. axb5 cxb5 38. Rc7+ Kg6 39. Kg2 Ba5 40. Rc2
Kg5 41. Kf3 Bb4 42. Be2 Rd5 43. Rc6 Rd6 44. Rc2 Rb6 45. Rc8 Bd6 46. Rg8+ Kh6
47. Bd3 Rb8 48. Rxb8 Bxb8 1/2-1/2

[Event "4NCL/Div4/SCS vs. WWKS2"]
[Site "West Bromwich ENG"]
[Date "2006.03.18"]
[Round "7.4"]
[White "Malik, Kaiser"]
[Black "Kilpatrick, Callum"]
[Result "1/2-1/2"]
[WhiteElo "1935"]
[BlackElo "2070"]
[PlyCount "104"]
[EventDate "2006.03.18"]
[EventType "team"]
[EventRounds "11"]
[EventCountry "ENG"]
[SourceDate "2005.10.25"]

1. e4 c5 2. c3 d5 3. exd5 Qxd5 4. d4 g6 5. Nf3 Bg7 6. Na3 cxd4 7. Nb5 Na6 8.
cxd4 Nh6 9. Be3 O-O 10. Qc1 Nf5 11. Bc4 Qd8 12. O-O Bd7 13. Qd2 e6 14. Rfd1 Qb6
15. a4 Bxb5 16. Bxb5 Nc7 17. Bc4 Rfd8 18. g4 Nxe3 19. fxe3 Nd5 20. Bxd5 Rxd5
21. e4 Rd7 22. a5 Qb5 23. Qc3 Rad8 24. e5 Bf8 25. Qd3 Qb4 26. Qc3 Qxc3 27. bxc3
Rc8 28. Ng5 Be7 29. Ne4 Kg7 30. g5 h6 31. gxh6+ Kxh6 32. Rf1 Kg7 33. Rf3 Rf8
34. Kf2 Rh8 35. h3 Rh5 36. Ke2 Rf5 37. Rxf5 exf5 38. Nd2 f6 39. Nf3 g5 40. Kd3
fxe5 41. Nxe5 Rc7 42. a6 b6 43. d5 Bc5 44. c4 Kf6 45. Nc6 g4 46. hxg4 fxg4 47.
Ke4 g3 48. Kf3 Bf2 49. Rd1 Rd7 50. d6 b5 51. cxb5 Bc5 52. Kxg3 Rxd6 1/2-1/2

[Event "4NCL/Div4/SCS vs. WWKS2"]
[Site "West Bromwich ENG"]
[Date "2006.03.18"]
[Round "7.5"]
[White "Heard, Andrew H"]
[Black "Malik, Faraz"]
[Result "1-0"]
[WhiteElo "2030"]
[BlackElo "1630"]
[PlyCount "102"]
[EventDate "2006.03.18"]
[EventType "team"]
[EventRounds "11"]
[EventCountry "ENG"]
[SourceDate "2005.10.25"]

1. c4 e5 2. Nc3 Nc6 3. g3 g6 4. Bg2 Bg7 5. d3 d6 6. Nf3 f5 7. O-O Nf6 8. Rb1
O-O 9. b4 a6 10. b5 axb5 11. cxb5 Ne7 12. Qb3+ Kh8 13. a4 e4 14. dxe4 Nxe4 15.
Nxe4 fxe4 16. Ng5 d5 17. Rd1 h6 18. Nxe4 Bf5 19. Bb2 Qe8 20. Bxg7+ Kxg7 21. Nc5
b6 22. Nd3 Qf7 23. Rf1 Be4 24. Bxe4 dxe4 25. Qxf7+ Rxf7 26. Nb2 Nd5 27. Rbc1
Nf6 28. h3 Rd8 29. Rfd1 Rfd7 30. Rxc7 Rxc7 31. Rxd8 Rc2 32. Nd1 Rxe2 33. Ne3
Nh5 34. Kg2 Ra2 35. Rd6 Rxa4 36. Rxb6 Rb4 37. Nd5 Rd4 38. Rd6 Nf6 39. Nxf6 Rb4
40. b6 Kf7 41. Nd5 Rb2 42. Rf6+ Kg7 43. Re6 Kf7 44. Rxe4 Rb5 45. Rb4 Rxd5 46.
b7 Rd8 47. b8=Q Rxb8 48. Rxb8 Kf6 49. Kf3 Kg5 50. Rb5+ Kf6 51. Ke4 g5 1-0

[Event "4NCL/Div4/CELT vs. GREN"]
[Site "West Bromwich ENG"]
[Date "2006.03.18"]
[Round "7.1"]
[White "Thomas, Robert K"]
[Black "Pugh, Derek C"]
[Result "0-1"]
[WhiteElo "2140"]
[BlackElo "2185"]
[PlyCount "66"]
[EventDate "2006.03.18"]
[EventType "team"]
[EventRounds "11"]
[EventCountry "ENG"]
[SourceDate "2005.10.25"]

1. d4 d6 2. c4 e5 3. Nf3 e4 4. Ng5 f5 5. g3 Be7 6. Nh3 c6 7. Bg2 Nd7 8. Nc3
Ngf6 9. O-O Nb6 10. b3 d5 11. c5 Nbd7 12. b4 Nf8 13. f3 Ne6 14. Rb1 O-O 15. Nf4
Nc7 16. a4 g5 17. Nh3 h6 18. Be3 Qe8 19. Qd2 Qh5 20. Nf2 Ne6 21. fxe4 fxe4 22.
b5 Qg6 23. bxc6 bxc6 24. Rb3 Bd8 25. Bh3 Nh5 26. Rfb1 Bc7 27. Na2 Nhf4 28.
Bxe6+ Qxe6 29. Nb4 a5 30. Na2 Nh3+ 31. Nxh3 Qxh3 32. Bf2 Rxf2 33. Kxf2 Qxh2+
0-1

[Event "4NCL/Div4/CELT vs. GREN"]
[Site "West Bromwich ENG"]
[Date "2006.03.18"]
[Round "7.2"]
[White "Bass, John W"]
[Black "Young, Alan"]
[Result "1-0"]
[WhiteElo "2050"]
[BlackElo "2034"]
[PlyCount "59"]
[EventDate "2006.03.18"]
[EventType "team"]
[EventRounds "11"]
[EventCountry "ENG"]
[SourceDate "2005.10.25"]

1. d4 d5 2. Nf3 e6 3. Bf4 c5 4. e3 Nc6 5. c3 Nf6 6. Nbd2 Be7 7. h3 O-O 8. Bd3
b6 9. O-O Bb7 10. Qe2 g6 11. Rad1 Rc8 12. Rfe1 Nh5 13. Bh6 Ng7 14. dxc5 bxc5
15. e4 Qc7 16. e5 Rfd8 17. h4 Bf8 18. Qe3 d4 19. cxd4 Nxd4 20. Nxd4 Rxd4 21.
Bg5 Rg4 22. Be4 Be7 23. Qf3 Rxe4 24. Nxe4 Bxg5 25. hxg5 Kh8 26. Qc3 Nf5 27. Nf6
Qc6 28. Qh3 Kg7 29. Rd7 Re8 30. Qf3 1-0

[Event "4NCL/Div4/CELT vs. GREN"]
[Site "West Bromwich ENG"]
[Date "2006.03.18"]
[Round "7.3"]
[White "Spencer, Douglas"]
[Black "Hardy, Roger"]
[Result "1/2-1/2"]
[WhiteElo "1902"]
[BlackElo "2020"]
[PlyCount "53"]
[EventDate "2006.03.18"]
[EventType "team"]
[EventRounds "11"]
[EventCountry "ENG"]
[SourceDate "2005.10.25"]

1. d4 d5 2. c4 e6 3. Nc3 Nf6 4. Bg5 Nbd7 5. Nf3 c6 6. cxd5 exd5 7. e3 Be7 8.
Bd3 O-O 9. O-O Re8 10. Rc1 Nf8 11. h3 Ne4 12. Bxe7 Qxe7 13. Bxe4 dxe4 14. Nd2
Bf5 15. Ne2 Nd7 16. Ng3 Bg6 17. Qb3 Nf6 18. Nc4 Nd5 19. Ne5 f6 20. Nxg6 hxg6
21. f3 f5 22. fxe4 fxe4 23. Rf4 Qb4 24. Qxb4 Nxb4 25. Rxe4 Nxa2 26. Rc4 a5 27.
Rxe8+ 1/2-1/2

[Event "4NCL/Div4/CELT vs. GREN"]
[Site "West Bromwich ENG"]
[Date "2006.03.18"]
[Round "7.4"]
[White "Greely, Simon"]
[Black "Evans, Craig"]
[Result "1-0"]
[WhiteElo "2010"]
[BlackElo "1954"]
[PlyCount "60"]
[EventDate "2006.03.18"]
[EventType "team"]
[EventRounds "11"]
[EventCountry "ENG"]
[SourceDate "2005.10.25"]

1. d4 c5 2. d5 f5 3. Nf3 Nf6 4. g3 g6 5. Bg2 Bg7 6. O-O Na6 7. c4 O-O 8. Nc3 d6
9. Ng5 Nc7 10. Qb3 a6 11. Qb6 Nd7 12. Qb3 Nf6 13. Rd1 Rb8 14. a4 Qe8 15. a5 h6
16. Nh3 Bd7 17. f3 g5 18. f4 g4 19. Nf2 e5 20. Qb6 Qd8 21. Qxd6 Nfe8 22. Qxc5
e4 23. Be3 Rf6 24. Qa3 Rg6 25. b4 Nd6 26. Qb3 Kh7 27. Rac1 Qh8 28. Bc5 Nce8 29.
e3 h5 30. Ne2 h4 1-0

[Event "4NCL/Div4/CELT vs. GREN"]
[Site "West Bromwich ENG"]
[Date "2006.03.18"]
[Round "7.5"]
[White "Kitchen, Peter J"]
[Black "Hibbitt, Arthur M"]
[Result "0-1"]
[WhiteElo "1716"]
[BlackElo "1950"]
[PlyCount "88"]
[EventDate "2006.03.18"]
[EventType "team"]
[EventRounds "11"]
[EventCountry "ENG"]
[SourceDate "2005.10.25"]

1. e4 c5 2. Nf3 Nc6 3. d4 cxd4 4. Nxd4 Qb6 5. Nb5 Nf6 6. N1c3 a6 7. Na3 e6 8.
Nc4 Qc7 9. Be3 b5 10. Nd2 Bb7 11. f4 d5 12. exd5 exd5 13. Nb3 Rd8 14. Nd4 Bb4
15. Nxc6 Qxc6 16. Qd4 Bxc3+ 17. Qxc3 Qxc3+ 18. bxc3 O-O 19. a4 Rfe8 20. Kd2
Ne4+ 21. Kd3 Bc6 22. axb5 Bxb5+ 23. Kd4 Nxc3 24. Bxb5 Nxb5+ 25. Kd3 Rc8 26. Bd2
Rc4 27. c3 Rec8 28. Rxa6 h6 29. Rb1 Nxc3 30. Bxc3 Rxc3+ 31. Kd4 R3c4+ 32. Kxd5
Rxf4 33. Rb2 Re8 34. Ra3 Rf1 35. Kd4 Rd1+ 36. Kc3 Rc8+ 37. Kb3 Rd3+ 38. Ka2
Rxa3+ 39. Kxa3 Ra8+ 40. Kb3 Rb8+ 41. Kc2 Rxb2+ 42. Kxb2 f5 43. Kc3 Kf7 44. Kd4
Kf6 0-1

[Event "4NCL/Div4/CELT vs. GREN"]
[Site "West Bromwich ENG"]
[Date "2006.03.18"]
[Round "7.6"]
[White "Butterworth, Paul"]
[Black "Larter, Nick"]
[Result "1/2-1/2"]
[WhiteElo "1890"]
[BlackElo "1600"]
[PlyCount "72"]
[EventDate "2006.03.18"]
[EventType "team"]
[EventRounds "11"]
[EventCountry "ENG"]
[SourceDate "2005.10.25"]

1. d4 e6 2. c4 b6 3. Nf3 Bb7 4. e3 f5 5. Bd3 Nf6 6. O-O Be7 7. Nc3 O-O 8. d5
Na6 9. e4 fxe4 10. Nxe4 Nc5 11. Nxc5 Bxc5 12. dxe6 Bxf3 13. Qxf3 dxe6 14. Rd1
Qe8 15. Be3 Bxe3 16. Qxe3 Qf7 17. Rd2 c5 18. Re1 Rae8 19. Qg3 g6 20. Rde2 Nh5
21. Qe3 Nf4 22. Rd2 Rd8 23. Be4 Rxd2 24. Qxd2 Qe7 25. Rd1 Qf6 26. a3 Qe7 27.
Qd7 Qxd7 28. Rxd7 Rf7 29. Rd2 Kg7 30. h4 Nh5 31. g3 Nf6 32. Bg2 Re7 33. b4 Rd7
34. Rc2 Rd1+ 35. Bf1 Ne4 36. Kg2 Rd2 1/2-1/2

[Event "4NCL/Div4/BCA vs. PONTY"]
[Site "West Bromwich ENG"]
[Date "2006.03.18"]
[Round "7.1"]
[White "Mordue, A Tyson"]
[Black "Robinson, David"]
[Result "1-0"]
[WhiteElo "2225"]
[BlackElo "2024"]
[PlyCount "65"]
[EventDate "2006.03.18"]
[EventType "team"]
[EventRounds "11"]
[EventCountry "ENG"]
[SourceDate "2005.10.25"]

1. e4 d5 2. exd5 Qxd5 3. Nc3 Qa5 4. d4 Nf6 5. Nf3 Bf5 6. Ne5 c6 7. Bd3 Bxd3 8.
Qxd3 e6 9. O-O Nbd7 10. Nc4 Qc7 11. Qf3 Bd6 12. Nxd6+ Qxd6 13. Bf4 Qxd4 14.
Rfd1 Qb6 15. Bd6 O-O-O 16. b4 Rhe8 17. a4 e5 18. b5 e4 19. Qe2 Qa5 20. bxc6
bxc6 21. Qc4 Kb7 22. Bf4 Re6 23. Rab1+ Ka8 24. h3 Rde8 25. Nxe4 Nb6 26. Qc5
Qxc5 27. Nxc5 Re2 28. a5 Nc4 29. Na6 Nd5 30. Rxd5 Re1+ 31. Kh2 Rxb1 32. Rd4 Re2
33. Rd8+ 1-0

[Event "4NCL/Div4/BCA vs. PONTY"]
[Site "West Bromwich ENG"]
[Date "2006.03.18"]
[Round "7.2"]
[White "Taylor, Robert G"]
[Black "Hilton, Steve"]
[Result "1/2-1/2"]
[WhiteElo "2002"]
[BlackElo "2045"]
[PlyCount "56"]
[EventDate "2006.03.18"]
[EventType "team"]
[EventRounds "11"]
[EventCountry "ENG"]
[SourceDate "2005.10.25"]

1. e4 c5 2. Nf3 d6 3. d4 cxd4 4. Nxd4 Nf6 5. Nc3 a6 6. Be3 e5 7. Nb3 Be6 8. Be2
Be7 9. O-O Nbd7 10. f4 Qc7 11. f5 Bc4 12. g4 h6 13. Rf2 Rc8 14. Rg2 b5 15. a3
Nb6 16. Bf3 Nh7 17. Nd2 f6 18. h4 Bf7 19. Rc1 Nf8 20. Nd5 Bxd5 21. exd5 Nfd7
22. Ne4 Nc4 23. Qe2 Nxb2 24. g5 hxg5 25. hxg5 Nc4 26. gxf6 Nxf6 27. Rxg7 Nxe4
28. Bxe4 Nxe3 1/2-1/2

[Event "4NCL/Div4/BCA vs. PONTY"]
[Site "West Bromwich ENG"]
[Date "2006.03.18"]
[Round "7.3"]
[White "Armstrong, William G"]
[Black "Davies, Peter L"]
[Result "1-0"]
[WhiteElo "1985"]
[BlackElo "1929"]
[PlyCount "121"]
[EventDate "2006.03.18"]
[EventType "team"]
[EventRounds "11"]
[EventCountry "ENG"]
[SourceDate "2005.10.25"]

1. d4 Nf6 2. Nc3 d5 3. Bg5 Nbd7 4. Nf3 e6 5. e3 Be7 6. Be2 O-O 7. O-O c5 8. Ne5
Ne8 9. Bxe7 Qxe7 10. f4 f5 11. Bf3 Ndf6 12. g3 Nd6 13. dxc5 Nde4 14. Bxe4 fxe4
15. Qd4 g6 16. b4 Bd7 17. a4 Rfc8 18. Rfd1 a5 19. Nxd7 Nxd7 20. Nxd5 Qf7 21.
Ne7+ Qxe7 22. Qxd7 Qxd7 23. Rxd7 axb4 24. Rxb7 Rxc5 25. a5 Rcxa5 26. Rxa5 Rxa5
27. Rxb4 Rc5 28. Rxe4 Rxc2 29. Rxe6 Kf7 30. Re5 Kf6 31. g4 h6 32. g5+ hxg5 33.
Rxg5 Re2 34. Rg3 Kf5 35. h4 Kf6 36. Rh3 Kf7 37. Kf1 Ra2 38. h5 gxh5 39. Rxh5
Kf6 40. Rg5 Rb2 41. Rg2 Rb1+ 42. Ke2 Rb2+ 43. Kf3 Rb3 44. Ra2 Kf5 45. Ra5+ Kf6
46. Re5 Ra3 47. Kg4 Rb3 48. Re4 Ra3 49. f5 Rb3 50. Re6+ Kf7 51. e4 Rb4 52. Kg5
Ra4 53. Re5 Rb4 54. f6 Rb1 55. Re7+ Kf8 56. Kf5 Rb5+ 57. Kg6 Rb1 58. Ra7 Rg1+
59. Kf5 Rb1 60. e5 Rb2 61. Ra8+ 1-0

[Event "4NCL/Div4/BCA vs. PONTY"]
[Site "West Bromwich ENG"]
[Date "2006.03.18"]
[Round "7.4"]
[White "Lobo, Richard"]
[Black "Burnell, Steve"]
[Result "1/2-1/2"]
[WhiteElo "1945"]
[BlackElo "1960"]
[PlyCount "96"]
[EventDate "2006.03.18"]
[EventType "team"]
[EventRounds "11"]
[EventCountry "ENG"]
[SourceDate "2005.10.25"]

1. e4 c6 2. d4 d5 3. exd5 cxd5 4. c4 Nf6 5. Nc3 e6 6. Nf3 Be7 7. c5 O-O 8. Bd3
b6 9. cxb6 Qxb6 10. O-O Ba6 11. Na4 Qc7 12. Ne5 Bxd3 13. Nxd3 Nbd7 14. Bf4 Bd6
15. Bxd6 Qxd6 16. Rc1 Rfc8 17. Nac5 Ne4 18. Nxd7 Qxd7 19. Qe2 Qa4 20. b4 a5 21.
f3 Nd6 22. Qb2 Nc4 23. Qc2 axb4 24. Qxa4 Rxa4 25. Rf2 Rca8 26. Rcc2 h6 27. h3
Ra3 28. Nxb4 Rb8 29. Nc6 Rb1+ 30. Kh2 Rd1 31. f4 Ra6 32. Ne5 Rxd4 33. Nxc4 dxc4
34. Rf3 Ra4 35. Kg3 Kf8 36. f5 e5 37. f6 gxf6 38. Rxf6 Kg7 39. Rc6 e4 40. Kf2
f5 41. Ke3 Rd3+ 42. Kf4 e3 43. Kxf5 Ra5+ 44. Ke4 Rd2 45. Rc1 e2 46. Re1 Raxa2
47. Rxc4 Rd1 48. Rc1 Rxc1 1/2-1/2

[Event "4NCL/Div4/BCA vs. PONTY"]
[Site "West Bromwich ENG"]
[Date "2006.03.18"]
[Round "7.5"]
[White "Wragg, Norman"]
[Black "Jones, Michael"]
[Result "1/2-1/2"]
[WhiteElo "1845"]
[BlackElo "1652"]
[PlyCount "80"]
[EventDate "2006.03.18"]
[EventType "team"]
[EventRounds "11"]
[EventCountry "ENG"]
[SourceDate "2005.10.25"]

1. e4 e5 2. Nf3 Nc6 3. Bb5 a6 4. Bxc6 dxc6 5. O-O Bd6 6. d4 exd4 7. Qxd4 f6 8.
Be3 Bd7 9. Nc3 Ne7 10. Qc4 Ng6 11. Rad1 Qe7 12. Rfe1 Be6 13. Qe2 O-O 14. Nd4
Nf4 15. Bxf4 Bxf4 16. Nxe6 Qxe6 17. Qf3 Be5 18. a3 Rfd8 19. Rxd8+ Rxd8 20. Rd1
Rxd1+ 21. Nxd1 Qd6 22. g3 g6 23. Qe2 b5 24. c3 Qe7 25. Kg2 Kg7 26. Qd3 c5 27.
Ne3 c6 28. Nc2 Bc7 29. f3 Qd8 30. Qxd8 Bxd8 31. f4 Kf7 32. Kf3 Ke6 33. g4 Bb6
34. h3 Kd6 35. h4 Bd8 36. h5 Be7 37. hxg6 hxg6 38. Ne1 Ke6 39. Nd3 Kd6 40. Ne1
Ke6 1/2-1/2

[Event "4NCL/Div4/BCA vs. PONTY"]
[Site "West Bromwich ENG"]
[Date "2006.03.18"]
[Round "7.6"]
[White "Lobo, Robert J"]
[Black "Irving, Alastair"]
[Result "1/2-1/2"]
[WhiteElo "1565"]
[BlackElo "1545"]
[PlyCount "75"]
[EventDate "2006.03.18"]
[EventType "team"]
[EventRounds "11"]
[EventCountry "ENG"]
[SourceDate "2005.10.25"]

1. e4 c5 2. Nf3 d6 3. Bb5+ Bd7 4. Bxd7+ Qxd7 5. Nc3 Nc6 6. d4 cxd4 7. Nxd4 g6
8. Nd5 Nf6 9. Nxf6+ exf6 10. Bf4 d5 11. exd5 Qxd5 12. Nxc6 Qxc6 13. O-O Be7 14.
Qe2 Rd8 15. Rfe1 Rd7 16. Rad1 Qe6 17. Qb5 Qc6 18. Qxc6 bxc6 19. Bh6 g5 20. h4
Rg8 21. hxg5 fxg5 22. f4 Rxd1 23. Rxd1 f6 24. Kf2 Rg6 25. fxg5 fxg5 26. Rh1
Bc5+ 27. Kf3 Rf6+ 28. Kg4 Rf2 29. Re1+ Kd8 30. Rd1+ Kc7 31. Bxg5 Rxg2+ 32. Kf5
Rxc2 33. Rd2 Rxd2 34. Bxd2 Kb6 35. a4 a5 36. Kg5 Be7+ 37. Kh6 Bb4 38. Be3+
1/2-1/2

[Event "4NCL/Div4/HAL vs. SXM"]
[Site "West Bromwich ENG"]
[Date "2006.03.18"]
[Round "7.1"]
[White "Cooper, Gavyn"]
[Black "Prescott, Adam P"]
[Result "1/2-1/2"]
[WhiteElo "2065"]
[BlackElo "2060"]
[PlyCount "76"]
[EventDate "2006.03.18"]
[EventType "team"]
[EventRounds "11"]
[EventCountry "ENG"]
[SourceDate "2005.10.25"]

1. e4 g6 2. d4 Bg7 3. Nf3 d6 4. Bc4 Nf6 5. Qe2 c6 6. O-O Bg4 7. Nbd2 O-O 8. Bb3
e5 9. dxe5 dxe5 10. h3 Bxf3 11. Nxf3 Qc7 12. Bd2 Nbd7 13. Bb4 c5 14. Bc3 b5 15.
Bd5 Nxd5 16. exd5 b4 17. Bd2 Nb6 18. c4 bxc3 19. Bxc3 Rfe8 20. Ba5 Qd6 21. Bxb6
axb6 22. Rfd1 e4 23. Nd2 Qxd5 24. Nc4 Qg5 25. Rd7 e3 26. fxe3 b5 27. Qf3 Qf5
28. Qxf5 gxf5 29. Nd6 Rxe3 30. Nxf5 Re6 31. Nxg7 Kxg7 32. Rb7 Ra5 33. Rf1 Rf6
34. Rxf6 Kxf6 35. a3 c4 36. Kf2 c3 37. bxc3 Rxa3 38. Rxb5 Rxc3 1/2-1/2

[Event "4NCL/Div4/HAL vs. SXM"]
[Site "West Bromwich ENG"]
[Date "2006.03.18"]
[Round "7.2"]
[White "Fraser, Joe P"]
[Black "Tarr, Steve"]
[Result "1-0"]
[WhiteElo "2065"]
[BlackElo "1940"]
[PlyCount "53"]
[EventDate "2006.03.18"]
[EventType "team"]
[EventRounds "11"]
[EventCountry "ENG"]
[SourceDate "2005.10.25"]

1. e4 c5 2. Nf3 d6 3. d4 cxd4 4. Nxd4 Nf6 5. Nc3 g6 6. f4 Nc6 7. Nxc6 bxc6 8.
e5 Nd7 9. exd6 exd6 10. Be3 Qh4+ 11. g3 Qe7 12. Kf2 Bg7 13. Bg2 d5 14. Bd4
Bxd4+ 15. Qxd4 Qc5 16. Qxc5 Nxc5 17. b4 Nd7 18. b5 Bb7 19. bxc6 Bxc6 20. Nxd5
Rc8 21. Rhe1+ Kd8 22. Ne7 Bxg2 23. Nxc8 Nf6 24. Kxg2 Kxc8 25. Rad1 Rd8 26.
Rxd8+ Kxd8 27. Re5 1-0

[Event "4NCL/Div4/HAL vs. SXM"]
[Site "West Bromwich ENG"]
[Date "2006.03.18"]
[Round "7.4"]
[White "Tucker, Andrew L"]
[Black "Llewelyn, John D"]
[Result "1/2-1/2"]
[WhiteElo "1980"]
[BlackElo "1795"]
[PlyCount "62"]
[EventDate "2006.03.18"]
[EventType "team"]
[EventRounds "11"]
[EventCountry "ENG"]
[SourceDate "2005.10.25"]

1. d4 Nf6 2. Bg5 g6 3. Bxf6 exf6 4. e3 Bg7 5. Bd3 O-O 6. Ne2 d5 7. Nf4 b6 8.
Nd2 Bb7 9. Nf3 c5 10. c3 Nc6 11. h4 Rc8 12. a3 Re8 13. b4 cxd4 14. cxd4 f5 15.
O-O Re7 16. Qb3 Nb8 17. Rac1 Rec7 18. Qb2 Nd7 19. Rxc7 Rxc7 20. Rc1 Nf6 21.
Rxc7 Qxc7 22. Qc2 Qxc2 23. Bxc2 Bf8 24. Ne5 a5 25. Ned3 Bd6 26. Bb3 axb4 27.
axb4 Kf8 28. Kf1 Ba6 29. Ke1 Bc4 30. Bd1 Ke7 31. f3 h6 1/2-1/2

[Event "4NCL/Div4/HAL vs. SXM"]
[Site "West Bromwich ENG"]
[Date "2006.03.18"]
[Round "7.5"]
[White "Curry, Don S"]
[Black "Richardson, Joe M"]
[Result "0-1"]
[WhiteElo "1755"]
[BlackElo "1950"]
[PlyCount "68"]
[EventDate "2006.03.18"]
[EventType "team"]
[EventRounds "11"]
[EventCountry "ENG"]
[SourceDate "2005.10.25"]

1. e4 e5 2. Nf3 Nc6 3. Bb5 a6 4. Ba4 Nf6 5. d3 b5 6. Bb3 Bc5 7. c3 d6 8. Nbd2
Bg4 9. h3 Bh5 10. Nf1 h6 11. Ng3 Bg6 12. O-O Ne7 13. Nh4 Qd7 14. Nxg6 Nxg6 15.
Nf5 O-O-O 16. Qf3 Nh7 17. Nxg7 Rhg8 18. Bxh6 Rxg7 19. Bxg7 Rg8 20. Bf6 Nf4 21.
Bh4 Nf8 22. g4 Rh8 23. Bg3 Rxh3 24. Rfd1 Rxg3+ 25. Qxg3 Ne2+ 26. Kg2 Nxg3 27.
Kxg3 Qe7 28. Rh1 Qf6 29. Raf1 Qf4+ 30. Kh3 Qf3+ 31. Kh4 Ng6+ 32. Kg5 Qf4+ 33.
Kh5 d5 34. Bxd5 Bf8 0-1

[Event "4NCL/Div4/HAL vs. SXM"]
[Site "West Bromwich ENG"]
[Date "2006.03.18"]
[Round "7.6"]
[White "Grant, David"]
[Black "Evans, Joyce"]
[Result "1-0"]
[WhiteElo "1765"]
[BlackElo "1440"]
[PlyCount "59"]
[EventDate "2006.03.18"]
[EventType "team"]
[EventRounds "11"]
[EventCountry "ENG"]
[SourceDate "2005.10.25"]

1. e4 e5 2. Bc4 Qe7 3. Nc3 Nf6 4. d3 d6 5. Bg5 Bg4 6. Bxf6 Bxd1 7. Bxe7 Bxe7 8.
Rxd1 O-O 9. Nd5 Bd8 10. Nf3 Nd7 11. O-O c6 12. Ne3 Nf6 13. Nd2 Bc7 14. g3 b5
15. Bb3 a5 16. a4 b4 17. f4 Bb6 18. Ndc4 Bc5 19. fxe5 dxe5 20. Kg2 Bd4 21. Nf5
Bc5 22. Nxe5 Rac8 23. d4 Ba7 24. Ne7+ Kh8 25. Nxc8 Rxc8 26. Nxf7+ Kg8 27. Nd6+
Kh8 28. Nxc8 Bb8 29. e5 Ng4 30. Rf8# 1-0

[Event "4NCL/Div4/ATH2 vs. CAMB2"]
[Site "West Bromwich ENG"]
[Date "2006.03.18"]
[Round "7.1"]
[White "McLaughlin, Noel"]
[Black "Gooding, Ian"]
[Result "1/2-1/2"]
[WhiteElo "2030"]
[BlackElo "2100"]
[PlyCount "81"]
[EventDate "2006.03.18"]
[EventType "team"]
[EventRounds "11"]
[EventCountry "ENG"]
[SourceDate "2005.10.25"]

1. Nf3 b5 2. e4 Bb7 3. Bxb5 Bxe4 4. Nc3 Bb7 5. d4 Nf6 6. O-O e6 7. Re1 Be7 8.
Bf4 O-O 9. Bd3 d6 10. Ne4 Nbd7 11. c4 Rb8 12. b3 Nxe4 13. Bxe4 Bxe4 14. Rxe4
Nf6 15. Re3 Nh5 16. Bg3 Nxg3 17. hxg3 Bf6 18. Qe2 c6 19. Rd1 a5 20. Ne5 Qc8 21.
Ng4 Bg5 22. f4 Bd8 23. Nf2 a4 24. Qh5 axb3 25. axb3 Qa6 26. g4 Qa2 27. Rh3 Qc2
28. Rdd3 h6 29. g5 Qc1+ 30. Nd1 Qxf4 31. gxh6 g6 32. Qe2 Bb6 33. Qf2 Qxf2+ 34.
Nxf2 Kh7 35. Ne4 Bd8 36. Nxd6 Be7 37. Ne4 Rfd8 38. Nd2 Bf6 39. Nf3 c5 40. d5
exd5 41. cxd5 1/2-1/2

[Event "4NCL/Div4/ATH2 vs. CAMB2"]
[Site "West Bromwich ENG"]
[Date "2006.03.18"]
[Round "7.2"]
[White "Cooley, Oliver"]
[Black "Gostelow, David W"]
[Result "1-0"]
[WhiteElo "2085"]
[BlackElo "2050"]
[PlyCount "65"]
[EventDate "2006.03.18"]
[EventType "team"]
[EventRounds "11"]
[EventCountry "ENG"]
[SourceDate "2005.10.25"]

1. e4 c5 2. Nf3 Nc6 3. d4 cxd4 4. Nxd4 e5 5. Nb5 a6 6. Nd6+ Bxd6 7. Qxd6 Qf6 8.
Qd2 Qg6 9. Nc3 d5 10. exd5 Nd4 11. Bd3 Qxg2 12. Be4 Nf3+ 13. Bxf3 Qxf3 14. Rg1
Bf5 15. Qg5 g6 16. Be3 f6 17. Qh4 Rd8 18. Rd1 Bxc2 19. Rd2 Ne7 20. d6 Nc6 21.
Bc5 Nd4 22. Bxd4 exd4 23. Qxd4 Qf5 24. Nd5 Kf7 25. Ne3 Rhe8 26. Qc4+ Kg7 27.
Qxc2 Qf3 28. Qd3 Qf4 29. Kf1 Qxh2 30. Nf5+ Kf7 31. Qd5+ Kf8 32. Ne7 Rxe7 33.
dxe7+ 1-0

[Event "4NCL/Div4/ATH2 vs. CAMB2"]
[Site "West Bromwich ENG"]
[Date "2006.03.18"]
[Round "7.3"]
[White "McGovern, Derek P"]
[Black "Campbell, Mark"]
[Result "0-1"]
[WhiteElo "1970"]
[BlackElo "2005"]
[PlyCount "84"]
[EventDate "2006.03.18"]
[EventType "team"]
[EventRounds "11"]
[EventCountry "ENG"]
[SourceDate "2005.10.25"]

1. d4 Nf6 2. Nf3 e6 3. e3 b6 4. Bd3 Bb7 5. Nbd2 d5 6. Ne5 Bd6 7. f4 c5 8. c3
O-O 9. Qf3 Nc6 10. O-O cxd4 11. exd4 Qc7 12. Qh3 g6 13. Ndf3 Ne7 14. Ng5 Kg7
15. Nexf7 Bc8 16. Ne5 Nf5 17. Bd2 h6 18. Ngf3 Ne4 19. Rad1 Be7 20. Qg4 Rf6 21.
Qh3 Rf8 22. Qg4 Rf6 23. Be1 Ne3 24. Qh3 Nxd1 25. Bh4 Ne3 26. Bxf6+ Bxf6 27. Re1
Nf5 28. g4 Nfd6 29. g5 hxg5 30. Nxg5 Bxg5 31. fxg5 Nf5 32. Qg4 Bb7 33. Rf1 Qe7
34. Nf3 Rh8 35. h4 Qd6 36. Ne5 Rxh4 37. Qxh4 Nxh4 38. Rf7+ Kg8 39. Rxb7 a5 40.
Rd7 Qf8 41. Rf7 Qxf7 42. Nxf7 Kxf7 0-1